000 00623nam a2200241Ia 4500
003 OSt
005 20221005042041.0
006 a|||||r|||| 00| 0
007 ta
008 221004b |||||||| |||| 00| 0 eng d
024 _a68818
037 _cTextual
040 _aCRL
_cCRL
_beng
041 _2eng
_aeng
082 _aY:1.2'N, M6
100 _aMahajan Malati
245 0 _aDevelopment of material culture in India
260 _aDelhi
_bSundeep prakashan
_c1986
300 _a292p.
_ccm.
650 _aSOCIOLOGY
942 _hY:1.2'N, M6
_cTEXL
_2cc
999 _c949591
_d949591